000 00475nam a2200181Ia 4500
008 240925s9999 xx 000 0 und d
020 _a8121923158
082 _a621.381 GUP
100 _aGupta, B. R.
245 0 _aElectronics and Instrumentation
250 _aNA
260 _aNew Delhi:
_bS. Chand & Company LTD
_c,2003.
300 _axiv, 2736p.
_b0
_fOriginal
500 _aIncludes Index
600 _aElectronic Engineering
650 _aTechnology
942 _cBK
999 _c13999
_d13999